Education in Costa Rica

Uložené v:
Podrobná bibliografia
Médium: Kniha
Jazyk:English
Vydavateľské údaje: Paris OECD 2017
Edícia:Reviews of National Policies for Education
Predmet:
Tagy: Pridať tag
Žiadne tagy, Buďte prvý, kto otaguje tento záznam!

MARC

LEADER 00000nam a2200000 4500
001 0241107
005 20240314122847.4
020 |a 978-92-64-27729-8 
041 0 |a eng 
044 |a FR 
245 1 0 |a Education in Costa Rica 
264 1 |a Paris  |b OECD  |c 2017 
300 |a 209 s. 
490 1 |a Reviews of National Policies for Education 
830 0 |a Reviews of National Policies for Education 
610 2 0 |a školstvo 
610 2 0 |a vzdelávanie primárne 
610 2 0 |a vzdelávanie sekundárne 
610 2 0 |a vzdelávanie terciárne 
610 2 0 |a kvalita vzdelávania 
610 2 0 |a deti 
610 2 0 |a školy základné 
610 2 0 |a školy stredné 
610 2 0 |a školy vysoké 
610 2 0 |a univerzity 
610 2 0 |a politika vzdelávania 
610 2 0 |a Kostarika